00529nam a2200193 a 4500001001300000003000900013005001700022008004100039020002300080082001700103100002000120245004800140260003600188300000900224500003500233505003100268650001600299700002000315nice12345678IN_TiNIC20260116013146.0050524s1982 illa grp 000 0 eng  a0877437 c29900a297.93bEFF1 aEffendi, Shoghi aWorld Order of Bahaullahb Selected Letters aIllinoisbBahai Pu. Trustc1982 a234p aincludes index and biblioraphy2 aNotes, Bibliography, Index aBahai Faith1 aEffendi, Shoghi